Critical path methods in construction practice (Record no. 95170)

MARC details
000 -LEADER
fixed length control field 00588cam a2200229 4500
008 - FIXED-LENGTH DATA ELEMENTS--GENERAL INFORMATION
fixed length control field 090401t1990 xxu||||| |||| 00| 0 eng d
020 ## - INTERNATIONAL STANDARD BOOK NUMBER
International Standard Book Number 0471620572
035 ## - SYSTEM CONTROL NUMBER
System control number (Sirsi) u69236
041 ## - LANGUAGE CODE
Language code of text/sound track or separate title eng
050 ## - LIBRARY OF CONGRESS CALL NUMBER
Classification number 658.4032
100 ## - MAIN ENTRY--PERSONAL NAME
Personal name Antill, James M
245 ## - TITLE STATEMENT
Title Critical path methods in construction practice
250 ## - EDITION STATEMENT
Edition statement 4th ed.
260 ## - PUBLICATION, DISTRIBUTION, ETC.
Place of publication, distribution, etc. New York
Name of publisher, distributor, etc. John Wiley and Sons
Date of publication, distribution, etc. 1990
300 ## - PHYSICAL DESCRIPTION
Extent xii,422p. ; 24cm.
350 ## - PRICE (NR) (BK AM CF MU VM SE) [OBSOLETE]
Price 39.3
650 ## - SUBJECT ADDED ENTRY--TOPICAL TERM
Topical term or geographic name entry element BUILDING INDUSTRY
650 ## - SUBJECT ADDED ENTRY--TOPICAL TERM
Topical term or geographic name entry element CRITICAL PATH METHOD
700 ## - ADDED ENTRY--PERSONAL NAME
Personal name Woodhead, Ronald W
942 ## - ADDED ENTRY ELEMENTS (KOHA)
Suppress in OPAC 0
948 ## - LOCAL PROCESSING INFORMATION (OCLC); SERIES PART DESIGNATOR (RLIN)
c (OCLC) 04/03/1997
Holdings
Withdrawn status Lost status Source of classification or shelving scheme Damaged status Not for loan Home library Current library Shelving location Date acquired Cost, normal purchase price Total Checkouts Full call number Barcode Date last seen Date last checked out Copy number Cost, replacement price Price effective from Koha item type
    Dewey Decimal Classification     London London Books 14/09/1999 39.30 4 658.4032 30019741 06/08/2019 05/01/2004 1 39.30 06/08/2019 Book